[Event "Russian Championship B11 1st league 2016"]
[Site "Loo"]
[Date "2016.04.28"]
[Round "9.12"]
[White "Kuprin, Alexander"]
[Black "Maslov, Dmitrij"]
[Result "1-0"]
[WhiteElo "1609"]
[BlackElo "1358"]
[PlyCount "95"]
[EventDate "2016.04.20"]

1. e4 e5 2. Nf3 Nf6 3. Nc3 Nc6 4. d3 Be7 5. Be2 O-O 6. O-O d6 7. h3 Be6 8. Ng5
h6 9. Nxe6 fxe6 10. f4 exf4 11. Bxf4 e5 12. Bd2 Qe8 13. Qe1 Nd4 14. Rc1 Qg6 15.
Be3 Ne6 16. Rf3 Nh5 17. Nd5 Bg5 18. Bxg5 Qxg5 19. h4 Qd8 20. Rxf8+ Qxf8 21.
Bxh5 c6 22. Nc3 Nd4 23. Ne2 Nxe2+ 24. Qxe2 Qf4 25. Rf1 Qxh4 26. Qg4 Qxg4 27.
Bxg4 b6 28. Bd7 c5 29. Bc6 Rc8 30. Bd5+ Kh8 31. Rf7 a6 32. Rd7 a5 33. Rxd6 b5
34. Rc6 Rxc6 35. Bxc6 b4 36. Bd5 g5 37. Kf2 Kg7 38. Kg3 Kg6 39. Be6 h5 40. Bd7
Kf7 41. Bf5 Kg7 42. c3 Kf6 43. cxb4 axb4 44. a4 bxa3 45. bxa3 Ke7 46. Bg6 h4+
47. Kg4 Kd6 48. Kxg5 1-0

[Event "Russian Championship B11 1st league 2016"]
[Site "Loo"]
[Date "2016.04.28"]
[Round "9.13"]
[White "Nasyrov, Anton"]
[Black "Kochetov, Vyacheslav"]
[Result "1-0"]
[WhiteElo "1463"]
[BlackElo "1583"]
[PlyCount "141"]
[EventDate "2016.04.20"]

1. e4 c5 2. Nf3 Nc6 3. Bb5 Nf6 4. Bxc6 dxc6 5. e5 Nd5 6. O-O e6 7. d3 Be7 8. a3
O-O 9. c4 Nb6 10. Nc3 Qc7 11. Re1 Rd8 12. b3 Qd7 13. Re3 Bf8 14. Ne1 Qc7 15. f4
Nd7 16. Qh5 Be7 17. Rh3 Nf8 18. Ne4 Qd7 19. Be3 b6 20. Ra2 Qe8 21. Rg3 f5 22.
Qxe8 Rxe8 23. Nf6+ Bxf6 24. exf6 g6 25. Bd2 Nd7 26. Bc3 Kf7 27. Nf3 h6 28. Ne5+
Nxe5 29. fxe5 Bb7 30. Rd2 Rad8 31. a4 Rd7 32. h4 h5 33. Rf3 Red8 34. g3 a6 35.
Kf2 b5 36. Ba5 Rb8 37. Rb2 Ba8 38. axb5 cxb5 39. Re3 b4 40. Rd2 Bc6 41. Re1
Rbb7 42. d4 cxd4 43. Red1 Be4 44. Rxd4 Rxd4 45. Rxd4 Bc6 46. Rd6 Be4 47. Rxa6
Bd3 48. Rb6 Rxb6 49. Bxb6 Bc2 50. c5 Bxb3 51. Ba5 Ba4 52. Bxb4 Ke8 53. Ke3 Bc6
54. Kd3 Kd8 55. Kc4 Be8 56. c6 Bf7 57. Ba5+ Kc8 58. Kc5 Bg8 59. Kd6 g5 60. Ke7
f4 61. gxf4 gxf4 62. Kf8 f3 63. Bb6 f2 64. Bxf2 Bh7 65. Kg7 Be4 66. f7 Bxc6 67.
f8=Q+ Kb7 68. Qe7+ Ka6 69. Qb4 Bb5 70. Kf6 Bd7 71. Qb6# 1-0

[Event "Russian Championship B11 1st league 2016"]
[Site "Loo"]
[Date "2016.04.28"]
[Round "9.14"]
[White "Rychikhin, Vladislav"]
[Black "Israfilov, Ali"]
[Result "1-0"]
[WhiteElo "1406"]
[BlackElo "1518"]
[PlyCount "95"]
[EventDate "2016.04.20"]

1. d4 d5 2. Nf3 Nf6 3. c4 e6 4. g3 Be7 5. Qc2 Nc6 6. Bg2 O-O 7. O-O Bd7 8. Nbd2
Nb4 9. Qc3 c5 10. dxc5 Bxc5 11. a3 Nc6 12. cxd5 Bb6 13. dxc6 Bxc6 14. b4 Bb5
15. Bb2 Rc8 16. Qb3 Qe7 17. Rac1 Bxe2 18. Rxc8 Rxc8 19. Rc1 Rd8 20. Nc4 Rd3 21.
Qc2 Rxf3 22. Bxf3 Bxf3 23. Nxb6 axb6 24. Qc8+ Ne8 25. Qc3 Bd5 26. Qd4 Qd8 27.
Qc3 Kf8 28. b5 Qd7 29. a4 Nf6 30. Ba3+ Ke8 31. Qe5 Qd8 32. Rc7 Ng4 33. Qf4 e5
34. Qc1 Qf6 35. Re7+ Qxe7 36. Bxe7 Kxe7 37. Qg5+ Nf6 38. Qxe5+ Kd7 39. Kf1 Be6
40. Ke2 Bc4+ 41. Kd2 Be6 42. f3 Bd5 43. Ke3 Be6 44. Kd4 Ne8 45. g4 Ke7 46. f4
f6 47. Qe4 Nd6 48. Qxh7 1-0

[Event "Russian Championship B11 1st league 2016"]
[Site "Loo"]
[Date "2016.04.28"]
[Round "9.16"]
[White "Demekhin, Maxim"]
[Black "Fadeev, Aleksei"]
[Result "1-0"]
[WhiteElo "1334"]
[BlackElo "1492"]
[PlyCount "99"]
[EventDate "2016.04.20"]

1. d4 d5 2. c4 e6 3. Nc3 Nf6 4. cxd5 exd5 5. Bg5 c6 6. e3 Qb6 7. Qc2 Ne4 8. Bf4
Bf5 9. Bd3 Bb4 10. a3 Bxc3+ 11. bxc3 Bg6 12. Ne2 Nd7 13. O-O c5 14. Rfb1 Qc6
15. Bb5 Qc8 16. Qa4 Nef6 17. Rb2 a6 18. Bxd7+ Qxd7 19. Qb3 cxd4 20. cxd4 O-O
21. Qxb7 Bf5 22. Rc1 Qxb7 23. Rxb7 Bd3 24. Ng3 Rac8 25. Rbc7 Rxc7 26. Rxc7 Ne4
27. Nxe4 dxe4 28. f3 f5 29. Bd6 Rd8 30. Be5 Rd5 31. Rxg7+ Kf8 32. Rxh7 Rb5 33.
Kf2 f4 34. Bxf4 Rb2+ 35. Kg3 exf3 36. Rh8+ Kg7 37. Be5+ Kf7 38. Kxf3 a5 39. Ra8
a4 40. Rxa4 Bb5 41. Rb4 Bc6+ 42. e4 Rc2 43. d5 Bd7 44. Rb7 Kf8 45. g4 Ke7 46.
h4 Kf7 47. Rxd7+ Kg6 48. Bf4 Kf6 49. e5+ Kg6 50. h5# 1-0

[Event "Russian Championship B11 1st league 2016"]
[Site "Loo"]
[Date "2016.04.28"]
[Round "9.18"]
[White "Gukhman, Sergey"]
[Black "Lazarev, Ivan"]
[Result "0-1"]
[WhiteElo "1669"]
[BlackElo "1162"]
[PlyCount "78"]
[EventDate "2016.04.20"]

1. d4 c6 2. e4 d5 3. Nc3 dxe4 4. Nxe4 Na6 5. c3 Nc7 6. Bd3 Bf5 7. Ng3 Bxd3 8.
Qxd3 e6 9. Nf3 Nf6 10. Be3 Be7 11. O-O O-O 12. Rfd1 Qd7 13. Ne5 Qd8 14. a4 Ncd5
15. Ne2 Nxe3 16. fxe3 Bd6 17. Nf3 c5 18. Rd2 Rc8 19. Rad1 c4 20. Qc2 Nd5 21.
Qe4 Re8 22. Kf2 Qd7 23. Qc2 Nf6 24. e4 Ng4+ 25. Kg1 Ne3 26. Qc1 Nxd1 27. Qxd1
Red8 28. e5 Be7 29. Nf4 Qe8 30. Qe1 Qxa4 31. Qg3 Kh8 32. Nh5 g6 33. Nf6 Bxf6
34. exf6 Qe8 35. Qh3 Qf8 36. Ne5 Rd5 37. Rf2 Rxe5 38. dxe5 Rd8 39. Rf1 Qc5+ 0-1

[Event "Russian Championship B11 1st league 2016"]
[Site "Loo"]
[Date "2016.04.28"]
[Round "9.19"]
[White "Baratov, Victor"]
[Black "Sepiashvili, Ivan"]
[Result "1-0"]
[WhiteElo "1557"]
[BlackElo "1377"]
[PlyCount "79"]
[EventDate "2016.04.20"]

1. e4 e5 2. Nc3 Nf6 3. d3 d5 4. f3 dxe4 5. fxe4 Bc5 6. Nf3 Nc6 7. h3 O-O 8. Bg5
h6 9. Bh4 Be6 10. Qd2 b5 11. Bf2 Bxf2+ 12. Qxf2 Qd6 13. Be2 Rfb8 14. O-O a5 15.
a4 b4 16. Nb5 Qd8 17. Qc5 Bd7 18. Rad1 Rb7 19. c3 Qf8 20. Qe3 Qe7 21. c4 Nd8
22. d4 exd4 23. Qxd4 Bxb5 24. cxb5 Qxe4 25. Qxe4 Nxe4 26. Rfe1 Nd6 27. Nd4 Rb6
28. Bd3 Rbb8 29. Nf5 N8b7 30. Rc1 Nxf5 31. Bxf5 Nd6 32. Bg4 Ra7 33. Re7 f5 34.
Bf3 Rc8 35. Rd7 Kh8 36. Rxd6 cxd6 37. Rxc8+ Kh7 38. b6 Ra6 39. b7 Rb6 40. b8=Q
1-0

[Event "Russian Championship B11 1st league 2016"]
[Site "Loo"]
[Date "2016.04.28"]
[Round "9.20"]
[White "Rakitin, Daniil"]
[Black "Pushkin, Vasiliy"]
[Result "0-1"]
[WhiteElo "1498"]
[BlackElo "1370"]
[PlyCount "126"]
[EventDate "2016.04.20"]

1. e4 e5 2. Nf3 Nf6 3. Nxe5 d6 4. Nf3 Nxe4 5. Nc3 Nxc3 6. dxc3 Be7 7. Bd3 Nc6
8. Bb5 Bg4 9. Qd5 Qd7 10. Bxc6 Qxc6 11. Qxc6+ bxc6 12. Bf4 Rb8 13. O-O-O Kd7
14. b3 Bf6 15. c4 c5 16. h3 Bf5 17. Be5 Kc6 18. Bxf6 gxf6 19. Nh4 Be6 20. Nf3
h6 21. Nd2 a5 22. Ne4 Rhg8 23. Rhg1 Rg6 24. Ng3 a4 25. Rde1 Ra8 26. Nh5 axb3
27. axb3 Ra1+ 28. Kd2 Rxe1 29. Kxe1 Kd7 30. Nf4 Rg8 31. Nxe6 fxe6 32. g3 Rh8
33. Kd2 c6 34. Kc3 d5 35. Rd1 d4+ 36. Kb2 e5 37. c3 Ke7 38. cxd4 cxd4 39. Re1
Kd6 40. Rd1 Kc5 41. f3 Kb4 42. Rd3 f5 43. g4 Rf8 44. f4 exf4 45. Rxd4 fxg4 46.
hxg4 f3 47. Rd1 f2 48. Rf1 Rf3 49. Kc2 Rc3+ 50. Kd2 Kxb3 51. Rb1+ Kxc4 52. Rf1
Rf3 53. Rc1+ Kd5 54. Rf1 c5 55. Ke2 Rf8 56. Rd1+ Kc6 57. Rf1 c4 58. Rxf2 Rxf2+
59. Kxf2 Kc5 60. Ke2 Kb4 61. Kd2 Kb3 62. Kc1 Kc3 63. Kd1 Kb2 0-1

[Event "Russian Championship B11 1st league 2016"]
[Site "Loo"]
[Date "2016.04.28"]
[Round "9.21"]
[White "Petrovsky, Nikita"]
[Black "Dorofeev, Arseniy"]
[Result "1-0"]
[WhiteElo "1486"]
[BlackElo "1361"]
[PlyCount "85"]
[EventDate "2016.04.20"]

1. e4 c5 2. Nf3 Nc6 3. c3 d5 4. exd5 Qxd5 5. d4 Bg4 6. Be2 Rd8 7. Na3 a6 8. Nc2
Nf6 9. Be3 e6 10. O-O Be7 11. h3 Bxf3 12. Bxf3 Qd7 13. dxc5 Qc7 14. Qe2 Nd5 15.
Bxd5 Rxd5 16. b4 O-O 17. Rfd1 Rfd8 18. Rxd5 Rxd5 19. Rd1 Rxd1+ 20. Qxd1 a5 21.
a3 Bf6 22. Qd2 h6 23. Nd4 Ne5 24. Qe2 b6 25. Nb5 Qc6 26. cxb6 Nc4 27. b7 Qxb5
28. b8=Q+ Qxb8 29. Qxc4 axb4 30. cxb4 Bb2 31. a4 Qd6 32. a5 Qd1+ 33. Kh2 Qa4
34. a6 Ba3 35. a7 Bxb4 36. Qc8+ Kh7 37. a8=Q Bd6+ 38. g3 Qb5 39. Qh8+ Kg6 40.
Qe4+ f5 41. Qxe6+ Kh5 42. Qf7+ g6 43. Qxh6# 1-0

[Event "Russian Championship B11 1st league 2016"]
[Site "Loo"]
[Date "2016.04.28"]
[Round "9.22"]
[White "Grachev, Egor"]
[Black "Rezvyi, Dmitri"]
[Result "1-0"]
[WhiteElo "1358"]
[BlackElo "1477"]
[PlyCount "93"]
[EventDate "2016.04.20"]

1. d4 e6 2. c4 d5 3. Nc3 Nf6 4. Nf3 Be7 5. Bf4 Nbd7 6. e3 c5 7. Rc1 O-O 8. Bd3
dxc4 9. Bxc4 a6 10. a4 Qa5 11. O-O Nb6 12. Bc7 Ne8 13. Bxb6 Qxb6 14. Qc2 Nd6
15. Bd3 h6 16. Nd5 exd5 17. dxc5 Qc6 18. cxd6 Qxc2 19. Rxc2 Bxd6 20. Rd1 Be6
21. Nd4 Rac8 22. Nxe6 fxe6 23. g3 Rxc2 24. Bxc2 Rc8 25. Bb3 Be5 26. e4 Bxb2 27.
exd5 e5 28. d6+ Kf8 29. Bd5 b5 30. d7 Rd8 31. axb5 axb5 32. Bc6 b4 33. Rb1 Bc3
34. Kf1 Ke7 35. Ke2 Kd6 36. Ba4 Kc5 37. Kf3 Kd4 38. Rd1+ Kc4 39. Ke4 g6 40. Rd6
Bd4 41. Rc6+ Bc5 42. Rc8 Rxd7 43. Bxd7 b3 44. Be6+ Kb4 45. Rb8+ Bb6 46. Rxb6+
Ka4 47. Rxb3 1-0

[Event "Russian Championship B11 1st league 2016"]
[Site "Loo"]
[Date "2016.04.28"]
[Round "9.23"]
[White "Yudin, Mikhail"]
[Black "Tetyuev, Stepan"]
[Result "1-0"]
[WhiteElo "1469"]
[BlackElo "1238"]
[PlyCount "49"]
[EventDate "2016.04.20"]

1. e4 c5 2. Nf3 d6 3. d4 cxd4 4. Nxd4 Nf6 5. Nc3 a6 6. Be2 e6 7. f4 Nbd7 8. Bf3
Be7 9. Be3 O-O 10. O-O Qc7 11. a4 b6 12. e5 Nd5 13. Bxd5 exd5 14. Nxd5 Qb7 15.
Nxe7+ Kh8 16. exd6 Qe4 17. Qf3 Qxf3 18. Nxf3 Bb7 19. Ne5 Nf6 20. Rad1 h6 21. d7
Rad8 22. Bxb6 g6 23. Bxd8 Rxd8 24. Nxf7+ Kh7 25. Nxd8 1-0

[Event "Russian Championship B11 1st league 2016"]
[Site "Loo"]
[Date "2016.04.28"]
[Round "9.26"]
[White "Priluckiy, Yuriy"]
[Black "Maxin, Vladimir"]
[Result "0-1"]
[WhiteElo "1408"]
[BlackElo "1203"]
[PlyCount "96"]
[EventDate "2016.04.20"]

1. e4 c5 2. Nf3 d6 3. d4 cxd4 4. Nxd4 Nf6 5. Nc3 a6 6. a4 e6 7. Be2 Be7 8. Be3
b6 9. O-O Bb7 10. f3 O-O 11. Bd3 Nbd7 12. Qe1 Rc8 13. Nce2 d5 14. Ng3 Nc5 15.
e5 Nfd7 16. f4 Nxd3 17. cxd3 Nc5 18. Qe2 a5 19. b3 Ba6 20. Rad1 Ne4 21. Qg4 Nc3
22. Rd2 Bc5 23. Nh5 g6 24. Nf6+ Kg7 25. f5 Ne4 26. Nxe4 dxe4 27. f6+ Kh8 28.
Qxe4 Bb7 29. Qh4 Qd5 30. Kh1 Bxd4 31. Bxd4 Qxb3 32. Be3 Rc2 33. Rxc2 Qxc2 34.
Rg1 Qxd3 35. Bh6 Rd8 36. Bg7+ Kg8 37. Qh6 Bxg2+ 38. Kxg2 Qe2+ 39. Kh3 Rd3+ 40.
Rg3 Qf1+ 41. Kh4 Rd4+ 42. Rg4 Qf2+ 43. Kh3 Qf3+ 44. Rg3 Qf1+ 45. Rg2 Rd3+ 46.
Kh4 Qxg2 47. h3 Rd4+ 48. Qf4 Rxf4# 0-1

[Event "Russian Championship B11 1st league 2016"]
[Site "Loo"]
[Date "2016.04.28"]
[Round "9.28"]
[White "Sokolov, Egor"]
[Black "Asatryan, Leon"]
[Result "1-0"]
[WhiteElo "1317"]
[BlackElo "1650"]
[PlyCount "87"]
[EventDate "2016.04.20"]

1. e4 g6 2. d4 Bg7 3. Nf3 d6 4. Bc4 e6 5. Nc3 Nd7 6. O-O Ne7 7. Be3 h6 8. Ne1
O-O 9. f4 a6 10. a4 b6 11. Qd2 Kh7 12. Rf3 Bb7 13. Rh3 Ng8 14. g4 Qe7 15. Nd3
f5 16. g5 fxe4 17. Nf2 d5 18. Be2 h5 19. Qd1 Rf5 20. Bg4 Rff8 21. Bxh5 gxh5 22.
Qxh5+ Bh6 23. Ng4 Qg7 24. Nxh6 Nxh6 25. Qxh6+ Qxh6 26. Rxh6+ Kg7 27. Rxe6 Kf7
28. f5 Rae8 29. g6+ Kg7 30. Rxe8 Rxe8 31. Bg5 Rf8 32. Rf1 Nf6 33. Ne2 Bc8 34.
Ng3 Ne8 35. Nh5+ Kg8 36. f6 Nd6 37. f7+ Nxf7 38. gxf7+ Rxf7 39. Rxf7 Kxf7 40.
Bd8 c5 41. Bxb6 cxd4 42. Bxd4 a5 43. Nf4 Bf5 44. Nxd5 1-0

[Event "Russian Championship B11 1st league 2016"]
[Site "Loo"]
[Date "2016.04.28"]
[Round "9.29"]
[White "Kopylov, Artem"]
[Black "Volovich, Evgeny"]
[Result "0-1"]
[WhiteElo "1277"]
[BlackElo "1551"]
[PlyCount "74"]
[EventDate "2016.04.20"]

1. d4 d5 2. Nf3 Nf6 3. c4 e6 4. g3 Be7 5. Bg2 c6 6. Qc2 O-O 7. O-O Nbd7 8. Nbd2
Bd6 9. e4 dxe4 10. Nxe4 Nxe4 11. Qxe4 Nf6 12. Qc2 Bc7 13. Rd1 h6 14. c5 Re8 15.
b4 Nd5 16. Rb1 Bd7 17. a4 a6 18. a5 Qc8 19. Nd2 e5 20. Bxd5 cxd5 21. Qb3 exd4
22. Nf3 Bg4 23. Bb2 Qd7 24. Rxd4 Qf5 25. Nd2 Re2 26. Rf1 Bh3 27. Rxd5 Qe6 28.
Qc3 f6 29. Qf3 Bxf1 30. Kxf1 Re8 31. Kg2 Qf7 32. Nc4 Rc2 33. Bc3 Rxc3 34. Qd1
Rxc4 35. Rd7 Re7 36. Rd4 Rxd4 37. Qxd4 Rd7 0-1

[Event "Russian Championship B11 1st league 2016"]
[Site "Loo"]
[Date "2016.04.28"]
[Round "9.30"]
[White "Badazhkov, Egor"]
[Black "Prutskov, Aleksei"]
[Result "1-0"]
[WhiteElo "1268"]
[BlackElo "1540"]
[PlyCount "31"]
[EventDate "2016.04.20"]

1. e4 c5 2. Nf3 d6 3. d4 cxd4 4. c3 d3 5. Bxd3 Nf6 6. O-O e6 7. Bf4 Be7 8. Qe2
O-O 9. Rd1 d5 10. Bc2 Qb6 11. b3 Bd7 12. a4 dxe4 13. Ng5 Bc6 14. Nd2 Nd5 15.
Qxe4 Bxg5 16. Qxh7# 1-0

[Event "Russian Championship B11 1st league 2016"]
[Site "Loo"]
[Date "2016.04.28"]
[Round "9.31"]
[White "Labutin, Matvey"]
[Black "Shelukhin, Ilya"]
[Result "0-1"]
[WhiteElo "1533"]
[BlackElo "1241"]
[PlyCount "92"]
[EventDate "2016.04.20"]

1. e4 c5 2. Nf3 d6 3. d4 cxd4 4. Nxd4 Nf6 5. Nc3 a6 6. Be2 e5 7. Nf3 Be7 8. O-O
O-O 9. Nd5 Nxd5 10. exd5 f5 11. Nd2 b5 12. f4 e4 13. b3 Bf6 14. Rb1 Bb7 15. c4
Nd7 16. cxb5 axb5 17. Bxb5 Qb6+ 18. Kh1 Qxb5 19. Nc4 Rxa2 20. Nxd6 Qxd5 21.
Qxd5+ Bxd5 22. Nxf5 Bd8 23. Ne3 Bb7 24. b4 Bb6 25. h3 Bxe3 26. Bxe3 Nf6 27.
Rbd1 Nd5 28. Rde1 Ra3 29. Bc1 Rg3 30. Kh2 Rg6 31. Be3 Rc8 32. f5 Nxe3 33. Rxe3
Rb6 34. Rb1 Rc4 35. Reb3 Kf7 36. g4 Kf6 37. Kg3 Ke5 38. h4 Bd5 39. b5 Rc5 40.
R3b2 Rc3+ 41. Kf2 Kf4 42. Rg1 e3+ 43. Ke2 Bc4+ 44. Kd1 Rd6+ 45. Rd2 Rxd2+ 46.
Ke1 Rc1# 0-1

[Event "Russian Championship B11 1st league 2016"]
[Site "Loo"]
[Date "2016.04.28"]
[Round "9.32"]
[White "Smirnov, Ilja"]
[Black "Shinkarev, Artem"]
[Result "1-0"]
[WhiteElo "1506"]
[BlackElo "1329"]
[PlyCount "119"]
[EventDate "2016.04.20"]

1. e4 e5 2. Nf3 Nc6 3. d4 exd4 4. Nxd4 Nge7 5. Bc4 Nxd4 6. Qxd4 Nc6 7. Qd5 Qf6
8. O-O Qe6 9. Qd3 Qg6 10. Nc3 Ne5 11. Qe2 Nxc4 12. Qxc4 Qc6 13. Qxc6 bxc6 14.
Bf4 Ba6 15. Rfd1 d6 16. e5 d5 17. Re1 Rb8 18. e6 Bd6 19. Bxd6 cxd6 20. b3 Ke7
21. exf7+ Kxf7 22. Re3 Rhe8 23. Rae1 Rxe3 24. Rxe3 Rb4 25. Rf3+ Ke7 26. Nd1 g6
27. Ne3 Re4 28. c3 Bc8 29. h3 Be6 30. Nc2 Bd7 31. Kf1 Be6 32. Nb4 c5 33. Nc6+
Kd7 34. Nxa7 Re5 35. Nb5 Ke7 36. a4 Bd7 37. Na3 Bc6 38. a5 Ke8 39. a6 Re7 40.
Re3 Rxe3 41. fxe3 Kd7 42. b4 Kc7 43. b5 Ba8 44. Kf2 h6 45. g4 g5 46. Ke2 c4 47.
e4 Kb6 48. Ke3 Kc5 49. b6 Kxb6 50. Kd4 dxe4 51. Nxc4+ Kxa6 52. Nxd6 e3 53. Kxe3
Bg2 54. Nf7 Bxh3 55. Nxh6 Kb5 56. Kd4 Bg2 57. c4+ Kc6 58. Nf7 Bf3 59. Ne5+ Kd6
60. Nxf3 1-0

[Event "Russian Championship B11 1st league 2016"]
[Site "Loo"]
[Date "2016.04.28"]
[Round "9.34"]
[White "Kucherov, Matvey"]
[Black "Malyshev, Efim"]
[Result "1-0"]
[WhiteElo "1496"]
[BlackElo "1135"]
[PlyCount "73"]
[EventDate "2016.04.20"]

1. e4 e5 2. Nf3 Nc6 3. d4 exd4 4. Nxd4 Bc5 5. Be3 Qf6 6. c3 Nge7 7. Bc4 Qg6 8.
O-O Ne5 9. Be2 d5 10. f4 Qh6 11. Qc1 Nd7 12. e5 a6 13. Bg4 Qg6 14. Bh3 Ba7 15.
f5 Qb6 16. e6 Nc5 17. exf7+ Kxf7 18. b4 Ne4 19. Re1 Rf8 20. Ne6 Qc6 21. Nxf8
Kxf8 22. Bxa7 Rxa7 23. Qe3 b6 24. Nd2 Nxf5 25. Rf1 g6 26. g4 Kg7 27. gxf5 gxf5
28. Nxe4 dxe4 29. Kh1 Qa8 30. Bxf5 Bb7 31. Rad1 Bd5 32. Qd4+ Kf8 33. Bxe4+ Ke8
34. Qe5+ Kd8 35. Rxd5+ Kc8 36. Rf8+ Kb7 37. Rd7# 1-0

[Event "Russian Championship B11 2016"]
[Site "Loo"]
[Date "2016.04.28"]
[Round "9.1"]
[White "Maneluk, Daniil"]
[Black "Vasilyev, Alexey"]
[Result "1/2-1/2"]
[WhiteElo "1801"]
[BlackElo "1828"]
[PlyCount "109"]
[EventDate "2016.04.20"]

1. e4 c5 2. Nf3 e6 3. d4 cxd4 4. Nxd4 a6 5. Bd3 Nf6 6. O-O Qc7 7. Qe2 d6 8. c4
Be7 9. Nc3 O-O 10. Bd2 Nbd7 11. Rae1 Ne5 12. f4 Nxd3 13. Qxd3 Nd7 14. Kh1 Rd8
15. Rf3 Bf8 16. Qf1 b6 17. Rg3 Kh8 18. f5 Ne5 19. b3 Be7 20. Nce2 Bh4 21. Bg5
Bxg3 22. Bxd8 Qxd8 23. Nxg3 Qe7 24. fxe6 fxe6 25. Nf3 Nxf3 26. Qxf3 Bb7 27. Rf1
Kg8 28. Rd1 Rf8 29. Qe3 Qc7 30. Kg1 h6 31. Ne2 Kh7 32. Qd3 Qf7 33. Qd4 e5 34.
Qe3 Qc7 35. Nc3 Bc6 36. Qd2 Rf6 37. h3 Qf7 38. Qe3 Qc7 39. Kh2 Rf8 40. Qd3 Rf6
41. Nd5 Bxd5 42. cxd5 b5 43. Qd2 Qa7 44. Re1 Rf2 45. Re2 Rf1 46. Qe3 Qxe3 47.
Rxe3 Rf2 48. Rc3 Rxa2 49. Rc6 a5 50. Rxd6 a4 51. bxa4 Rxa4 52. Rb6 Rxe4 53.
Rxb5 Rd4 54. d6 Rxd6 55. Rxe5 1/2-1/2

[Event "Russian Championship B11 2016"]
[Site "Loo"]
[Date "2016.04.28"]
[Round "9.2"]
[White "Makoveev, Ilya"]
[Black "Murzin, Volodar"]
[Result "1/2-1/2"]
[WhiteElo "2137"]
[BlackElo "2170"]
[PlyCount "74"]
[EventDate "2016.04.20"]

1. d4 Nf6 2. Nf3 g6 3. c4 Bg7 4. Nc3 O-O 5. e4 d6 6. Be2 e5 7. O-O Nc6 8. d5
Ne7 9. Bg5 h6 10. Bxf6 Bxf6 11. Nd2 Bg7 12. b4 f5 13. c5 a5 14. cxd6 cxd6 15.
a3 fxe4 16. Ncxe4 Bf5 17. Qb3 Qd7 18. f3 Bxe4 19. fxe4 axb4 20. axb4 Rxf1+ 21.
Rxf1 Qa4 22. Qxa4 Rxa4 23. Nc4 Nc8 24. Rb1 h5 25. Na5 b6 26. Nb7 Bh6 27. Bb5
Ra7 28. Bc6 Kf8 29. Kf2 Ke7 30. Rb2 Bc1 31. Rc2 Ba3 32. b5 Bc5+ 33. Ke2 Ra3 34.
Kd1 Ra1+ 35. Ke2 Ra3 36. Kd1 Ra1+ 37. Ke2 Ra3 1/2-1/2

[Event "Russian Championship B11 2016"]
[Site "Loo"]
[Date "2016.04.28"]
[Round "9.3"]
[White "Ponomarev, Grigori"]
[Black "Lystsov, Leonid"]
[Result "1/2-1/2"]
[WhiteElo "1939"]
[BlackElo "1569"]
[PlyCount "71"]
[EventDate "2016.04.20"]

1. e4 c5 2. Nc3 g6 3. d3 Nc6 4. Be3 d6 5. Qd2 Bg7 6. g3 e5 7. Bg2 Nd4 8. Nd1 f5
9. c3 Nc6 10. Ne2 Nf6 11. Bh6 Bxh6 12. Qxh6 Qe7 13. O-O Ng4 14. Qd2 O-O 15. h3
Nf6 16. exf5 Bxf5 17. Ne3 Be6 18. f4 Rad8 19. f5 Bf7 20. g4 g5 21. Ng3 d5 22.
Rae1 h6 23. Qf2 d4 24. cxd4 cxd4 25. Nc2 Bxa2 26. Bxc6 bxc6 27. Nxd4 Rd6 28.
Nf3 Rd5 29. d4 e4 30. Ne5 Rxe5 31. dxe5 Qxe5 32. Re3 Rb8 33. b4 Bc4 34. Rfe1
Bd5 35. Ra3 Rxb4 36. Ree3 {далее запись неразбор~~ива} 1/2-1/2

[Event "Russian Championship B11 2016"]
[Site "Loo"]
[Date "2016.04.28"]
[Round "9.4"]
[White "Atovmian, Artem"]
[Black "Dudarev, Vladislav"]
[Result "1-0"]
[WhiteElo "1682"]
[BlackElo "1772"]
[PlyCount "47"]
[EventDate "2016.04.20"]

1. e4 c5 2. Nf3 d6 3. d4 cxd4 4. Nxd4 Nf6 5. Nc3 g6 6. f4 Bg7 7. e5 dxe5 8.
fxe5 Ng4 9. Bb5+ Kf8 10. Ne6+ fxe6 11. Qxd8+ Kf7 12. O-O+ Nf6 13. Qd3 Nc6 14.
exf6 exf6 15. Bxc6 bxc6 16. Ne4 f5 17. Nd6+ Ke7 18. Bg5+ Bf6 19. Bxf6+ Kxf6 20.
Qc3+ e5 21. Qxc6 Be6 22. Ne4+ Ke7 23. Qb7+ Bd7 24. Nc5 1-0

[Event "Russian Championship B11 2016"]
[Site "Loo"]
[Date "2016.04.28"]
[Round "9.5"]
[White "Trofimov, Pavel"]
[Black "Prokhorov, Stepan"]
[Result "1-0"]
[WhiteElo "1748"]
[BlackElo "1689"]
[PlyCount "45"]
[EventDate "2016.04.20"]

1. d4 d5 2. Nf3 Nf6 3. Bf4 Bf5 4. e3 e6 5. Nbd2 Bd6 6. Ne5 Nbd7 7. Be2 Bxe5 8.
dxe5 Ne4 9. f3 Nxd2 10. Qxd2 O-O 11. O-O-O a6 12. e4 Bg6 13. exd5 Nc5 14. Qe3
Na4 15. h4 h5 16. g4 hxg4 17. h5 Bh7 18. fxg4 exd5 19. h6 Be4 20. hxg7 Kxg7 21.
Bg5 Qd7 22. Bf6+ Kg6 23. Qg5# 1-0

[Event "Russian Championship B11 2016"]
[Site "Loo"]
[Date "2016.04.28"]
[Round "9.6"]
[White "Safin, Robert"]
[Black "Ismagilov, Igor"]
[Result "1-0"]
[WhiteElo "1618"]
[BlackElo "1719"]
[PlyCount "117"]
[EventDate "2016.04.20"]

1. e4 c5 2. Nf3 Nc6 3. d4 cxd4 4. Nxd4 g6 5. c4 Bg7 6. Be3 Nf6 7. Nc3 Ng4 8.
Qxg4 Nxd4 9. Qd1 Ne6 10. Qd2 d6 11. Bd3 Bd7 12. O-O a5 13. Rab1 O-O 14. Bh6 Nc5
15. Bxg7 Kxg7 16. Bc2 Kg8 17. Nd5 b6 18. Qd4 Bc6 19. Rfd1 Bxd5 20. Qxd5 Qc8 21.
e5 Rd8 22. exd6 Rxd6 23. Qg5 Qe6 24. Rxd6 exd6 25. Qd5 Qxd5 26. cxd5 Re8 27.
Kf1 Re5 28. Rd1 Kg7 29. f4 Re7 30. Kf2 Na6 31. a3 Rc7 32. Bd3 Nc5 33. Bb5 Ne4+
34. Kf3 f5 35. Bc6 Re7 36. g3 Nc5 37. b4 Nb7 38. Rb1 Nd8 39. bxa5 bxa5 40. Rb5
Rc7 41. Rb6 Kf6 42. Ke3 Re7+ 43. Kd3 Re1 44. Rb3 Rc1 45. Rc3 Rh1 46. h4 Rb1 47.
Kc4 Rb6 48. Rb3 Ra6 49. Kb5 Ra7 50. Kb6 a4 51. Re3 Rf7 52. Re8 Nxc6 53. dxc6 d5
54. c7 Rxc7 55. Kxc7 d4 56. Rd8 d3 57. Rxd3 g5 58. hxg5+ Kg6 59. Rd5 1-0

[Event "Russian Championship B11 2016"]
[Site "Loo"]
[Date "2016.04.28"]
[Round "9.7"]
[White "Krivenko, Dmitry"]
[Black "Ryabov, Georgi"]
[Result "1-0"]
[WhiteElo "1536"]
[BlackElo "1715"]
[PlyCount "85"]
[EventDate "2016.04.20"]

1. e4 c5 2. Nf3 e6 3. c3 d5 4. e5 Nc6 5. d4 Qb6 6. Bd3 cxd4 7. cxd4 Nxd4 8.
Nxd4 Bc5 9. Nf3 Bxf2+ 10. Kf1 Bd7 11. Nc3 Ne7 12. g3 h5 13. Qb3 a6 14. Qxb6
Bxb6 15. Kg2 Bc6 16. Rf1 f5 17. b4 d4 18. Ne2 Nd5 19. a3 Ne3+ 20. Bxe3 dxe3 21.
Kg1 Ke7 22. Nh4 Rh6 23. Bxf5 exf5 24. Nxf5+ Ke6 25. Nxg7+ Kxe5 26. Rf5+ Kd6 27.
Rf7 Bd5 28. Nf5+ Ke5 29. Nxh6 Bxf7 30. Nxf7+ Ke4 31. Nc3+ Kd3 32. Na4 Ba7 33.
Nc5+ Bxc5 34. bxc5 Kd2 35. Ne5 Re8 36. Nf3+ Kd3 37. Kg2 e2 38. Kf2 Re3 39. a4
Re8 40. Rb1 Kc4 41. Rxb7 Kxc5 42. a5 Re6 43. Rh7 1-0

[Event "Russian Championship B11 2016"]
[Site "Loo"]
[Date "2016.04.28"]
[Round "9.8"]
[White "Kozachek, Stanislav"]
[Black "Putrenko, Kirill"]
[Result "0-1"]
[WhiteElo "1484"]
[BlackElo "1647"]
[PlyCount "122"]
[EventDate "2016.04.20"]

1. e4 d5 2. exd5 Qxd5 3. Nc3 Qd6 4. d4 Nf6 5. Nf3 g6 6. g3 c6 7. Bf4 Qd8 8. Bg2
Bg7 9. O-O O-O 10. Re1 Bf5 11. Ne5 Nbd7 12. Nxd7 Qxd7 13. Qd2 Rad8 14. Rad1
Rfe8 15. f3 Nd5 16. Bh6 Nxc3 17. bxc3 Bxh6 18. Qxh6 Bxc2 19. Rd2 Bf5 20. Qf4
Qd6 21. Qe3 h5 22. f4 f6 23. Rde2 Kf7 24. Be4 Bxe4 25. Qxe4 Qd5 26. Qe3 e6 27.
Rb1 b6 28. Kf2 Qf5 29. Rbe1 c5 30. dxc5 Qxc5 31. Qxc5 bxc5 32. Rb1 Rb8 33. Reb2
Rxb2+ 34. Rxb2 e5 35. Rb5 exf4 36. gxf4 Re4 37. Kf3 Ra4 38. Rb2 Ke6 39. Rd2 a5
40. h3 Ra3 41. Rc2 Kd5 42. Ke3 Kc4 43. Kd2 a4 44. h4 f5 45. Rb2 Rxc3 46. Rb6
Rf3 47. Rxg6 Rxf4 48. Rg5 Rxh4 49. Rxf5 Rh2+ 50. Kc1 Rxa2 51. Rxh5 Kb4 52. Kb1
Re2 53. Rh3 c4 54. Rh8 Re5 55. Rh2 a3 56. Ka2 Rd5 57. Rh1 Rd2+ 58. Ka1 c3 59.
Kb1 Kb3 60. Rc1 c2+ 61. Ka1 Rd1 0-1